Normale Ansicht MARC-Ansicht ISBD

Kriegsende 1945, Ende des Krieges 2025? (Titelsatznr. 373765)

[ MARC ]
MARC-Details
000 -Satzkennung
Kontrollfeld mit fester Länge 00759nab a2200193 4500
001 - Kontrollnummer
Kontrollfeld 244442
003 - Kontrollnummer Identifier
Kontrollfeld OSt
005 - Datum und Zeit der letzten Transaktion
Kontrollfeld 20250515083051.0
007 - Feld mit fester Länge zur physischen Beschreibung - Allgemeine Information
Kontrollfeld mit fester Länge tu
008 - Feld mit fester Länge zur physischen Beschreibung - Allgemeine Angaben
Kontrollfeld mit fester Länge 200917s2020|||||||
040 ## - Katalogisierungsquelle
Original-Katalogisierungsstelle DE-2950
Übertragungsstelle DE-2950
245 00 - Titel
Titel Kriegsende 1945, Ende des Krieges 2025?
Zusatz zum Titel Interview. Das BSW erinnert am 10. Mai im Rathaus an das Weltkriegsende vor 80 Jahren mit sehr aktuellen Bezügen zur Gegenwart. Mitorganisator Reinhard Zarneckow, 82 Jahre alt, setzt sich aus sehr persönlichen Gründen für das Thema ein/
Verfasserangabe etc. Dietrich Schröder
264 ## - Produktion, Veröffentlichung, Distribution, Herstellung und Urheberrechtsvermerk
Datum der Herstellung, der Veröffentlichung, des Vertriebs oder des Urheberschutzvermerks 2024
653 ## - Indexierungsterm - Nicht normiert
Nicht-normierter Term Frankfurt (Oder)
653 ## - Indexierungsterm - Nicht normiert
Nicht-normierter Term Kriegsende
653 ## - Indexierungsterm - Nicht normiert
Nicht-normierter Term Reinhard Zarneckow
773 0# - Übergeordnete Einheit
Verknüpfungsangaben 36. Jahrgang (2025) Nr. 105 vom 07..05.2025, S. 16, mit Fotos
Titel Märkische Oderzeitung
942 ## - Zusätzliche Felder (Koha)
Klassifikation oder Aufstellungssystematik Andere/Generische Klassifikation
Koha-Medientyp Aufsätze
Exemplare
Ausgeschieden Verloren Klassifikation oder Aufstellungssystematik Beschädigt Nicht entleihbar Heimatbibliothek Aufenthaltsbibliothek Aufstellungsort Erwerbungsdatum Anzahl Ausleihen Signatur Letzte Aktivität Preis gültig von Koha-Medientyp
    Andere/Generische Klassifikation     Stadtarchiv Frankfurt (Oder) | Archivbibliothek Stadtarchiv Frankfurt (Oder) | Archivbibliothek Magazin 15/05/2025   Z2 15/05/2025 15/05/2025 Aufsätze